中国足球顶级联赛历年四强球队(1954–2024)Top 4 in Chinese Football League - Statistics

General Stats
  • This quiz has been taken 30 times
  • The average score is 19 of 34
Answer Stats
Club % Correct
北京青年 北京 北京中赫国安 北京国安
100%
江苏舜天 江苏苏宁
100%
华东 上海体育学院 上海一队 上海 上海申花SVA文广 上海申花联盛 上海绿地申花 上海申花
100%
中南 中南体育学院 广州白云 广州太阳神 广州恒大 广州恒大淘宝
96%
山东 山东鲁能泰山 山东泰山
96%
天津一队 天津 天津泰达
96%
大连 大连万达 大连实德
88%
河南建业
88%
东北 沈阳体育学院 辽宁东药企业集团 辽宁
88%
杭州绿城 浙江绿城 浙江
88%
上海上港 上海海港
85%
武汉三镇
81%
河北华夏幸福
77%
深圳 深圳健力宝
77%
长春亚泰
69%
成都蓉城
69%
天津权健
69%
八一
62%
广州富力
62%
四川全兴
54%
长春 吉林 延边
54%
广东 广东宏远
46%
上海中远三林 贵州人和
46%
湖北
46%
前卫寰岛
27%
广州松日
19%
火车头
12%
北京部队
4%
沈阳部队
4%
大连造船公司
0%
河北青年
0%
辽宁工人
0%
轻工业工人
0%
一机
0%
No matching quizzes found
Score Distribution
Percent of People with Each Score
Percentile by Number Answered
Your Score History
You have not taken this quiz